| 000 | 00000nam##2200000za#4500 |
| 001 | 9.607858 |
| 003 | CaOODSP |
| 005 | 20230801131725 |
| 007 | cr ||||||||||| |
| 008 | 150406|2011||||xxc|||||o f|0| 0 fre|d |
| 040 | |aCaOODSP|bfre |
| 043 | |an-cn--- |
| 086 | 1 |aPS83-5/R241F-PDF |
| 110 | 2 |aService correctionnel Canada. |bDirection de la recherche. |
| 245 | 13|aLa thérapie comportementale dialectique offerte aux délinquantes dans les unités de garde en milieu de vie structuré / |h[ressource électronique]|cPréparé par : Kelly Taylor. |
| 260 | |aOttawa - Ontario : |bService correctionnel Canada. |cMai 2011. |
| 300 | |a1p. |
| 490 | 1 |aRecherche en un coup d'oeil|vR-241 |
| 590 | |a14-17-Supp|b2014-10-09 |
| 775 | 08|tDialectical behaviour therapy within a women's structured living environment / |w(CaOODSP)9.580957 |
| 830 | #0|aRecherche en un coup d'œil (Service correctionnel Canada)|vR-241|w(CaOODSP)9.503037 |
| 856 | 40|ahttp://publications.gc.ca|qPDF|s165 Ko|uhttps://publications.gc.ca/collections/collection_2014/scc-csc/PS83-5-R241-fra.pdf|yR-241 |